02756nam a22002777a 4500003000900000008004100009040007100050082002100121110005500142245014900197260003200346300002900378440010900407505166500516650002302181650003202204650002302236650003702259650003402296700002202330700002702352700003002379700003002409700001902439700002002458AR-CdUCM190425b ||||| |||| 00| 0 spa d aMUNICIPALIDAD PROVINCIAL DEL CUSCOcBIBLIOTECA MUNICIPAL DEL CUSCO aRev.FD/N°4/1965 aUniversidad Nacional De San Antonio Abad del Cuzco aRevista de la Facultad de Derecho de la Universidad Nacional de San Antonio Abad del Cuzco /cUniversidad Nacional de San Antonio Abad del Cuzco aCusco :bH.G. Rozas,c1965. a166 páginas. :c24 cm. aRevista de la Facultad de Derecho de la Universidad Nacional de San Antonio Abad del Cuzco.nN°4, 1965. aContenido: Unificación de los sistemas de exámenes profesionales y grados académicos, por facultad de Derecho del Cuzco. -- Bases de la nueva pedagogía jurídica nacional. Carlos Ferdinand Cuadros. -- Función y destino de la facultad de Derecho. Carlos Ferdinand Cuadros. -- Exámenes de abogado por pruebas practica y de tesis. Carlos Ferdinand Cuadros. -- Las facultades de derecho y la situación del abogado recién egresado. Octavio Linares. -- Extensión cultural de las facultades de derecho. Octavio Linares A. -- Las facultades de derecho y las necesidades de la sociedad peruana. Cesar A. Muniz R. -- Experiencias obtenidas en la aplicación de los acuerdos de la primera convención sobre organización y plan de estudios. Ernesto Valdivia P. -- Las facultades de derecho y la situación del abogado recién egresado. Lino Casafranca G.-- Control y evaluación del aprendizaje. Cesar _A. Muñiz y Ernesto Valdivia P. -- Las facultades de derecho y las necesidades de la sociedad peruana. Octavio Linares y Lino Casafranca. -- Las facultades de derecho y la situación del abogado recién egresado. Efraín Araoz S. -- Secretarios judiciales. Efraín Araoz C. -- La nueva pedagogía jurídica en la II Convención de Facultades de Derecho del Perú. Carlos Ferdinand Cuadros. -- La segunda convención de facultades de Derecho del Perú, informes de los catedráticos. Cesar A. Muñiz, Octavio Linares, Ernesto Valdivia, Lino Casafranca y alumno Efraín Araoz. -- Una antorcha de que señala el camino de la justicia. Carlos Ferdinand Cuadros. -- Plan de reorganización de secretaria. Carlos Ferdinand Cuadros aDerecho del Perú aPedagogia juridica nacional aPedagogia juridica aFacultades de derecho del Perú aFacultad de Derecho del Cuzco aLinares, Octavio aValdivia Pezo, Ernesto aCasafranca Gamarra, Lino  aFerdinand Cuadros, Carlos aMuñiz, Cesar aAraoz, Efraín